000 00339nam a2200133Ia 4500
008 240624s9999 xx 000 0 und d
041 _aeng
082 _a658.4092 ALL
100 _aALLIO ROBERT J
245 _aSEVEN FACES OF LEADERSHIP
260 _c2003
_aNew Delhi
_bTata McGrawhill
300 _axii, : 230 : p. : cm. ; 23
365 _cRS
999 _c1611
_d1611